1594 1844 1422 1576 1226 1620 1711 1518 1602 1008 1846 1145 1522 1047 1420 1931 1643 1150 1259 1096 1828 1422 1896 1153 1446 1389 1810 1039 1456 1581 1445 1891 1287 1153 1767 1031 1968 1133 1393 1360 1449 1129 1284 1590 1254 1617 1683 1787 1547 1516 1191 1909 1000 1021 1328 1231 1131 1034 1529 1155 1795 1482 1278 1448 1210 1140 1511 1560 1090 1905 1964 1195 1497 1510 1855 1809 1437 1127 1560 1542 1540 1172 1730 1563 1314 1239 1604 1371 1664 1126 1546 1167 1225 1699 1871 1555 1922 1462 1459 BCNSPRNW ULIB Ver.6.0+V

เปลี่ยนเป็นภาษาไทย

Change to English
 แสดงรายละเอียดบรรณานุกรม
  กลับหน้าหลัก

Brief Record : Get Marc (ISO 2709) : E-mail record : QR code < ปิดหน้าต่าง
LEADER : 00000nam 2200000uu 4500
001    13399112556
003     ULIB
008    110824s2554||||th 000 0 tha d
020    978611000147
090    นว.^bร147ซ 2553
100 0   ร่มแก้ว
245 00 ปฐพีเล่ห์รัก/^cร่มแก้ว
250    พิมพ์ครั้งที่ 1
260    กรุงเทพฯ :^bพิมพ์คำ,^c2554
300    324 หน้า
945    ^p230^l0^i028048
995     เกษร
999     ^aใช้งานได้ทุกระบบ
รายการนี้ยังไม่มีแท็ก
คุณยังไม่ได้ล็อกอิน คุณสามารถมีกิจกรรมร่วมกับเว็บไซต์ได้ แต่ต้องล็อกอินก่อน ::
  ล็อกอิน

รายการสื่อสารสนเทศ

ลำดับที่ ประเภท เลขเรียก/บาร์โค้ด สถานที่ สถานะ
- ไม่พบข้อมูล -

รายการใกล้เคียง
    ผู้แต่ง [ร่มแก้ว]

BibComment


ยังไม่เคยถูกคอมเมนท์

คอมเมนท์ทรัพยากรรายการนี้
  คอมเมนท์: ปฐพีเล่ห์รัก ร่มแ..


 Copyright 2026. Bcnsprnw @Library